Včelia farma v regióne Orava

Gespeichert in:
Bibliographische Detailangaben
1. Verfasser: Babincová, Zuzana (Verfasst von)
Weitere Verfasser: Bránický, Filip (Betreuung Doktorarbeit)
Format: Manuskript Buch
Sprache:Slowakisch
Veröffentlicht: 2023
Schlagworte:
Online-Zugang:http://is.stuba.sk/zp/portal_zp.pl?podrobnosti=171337
https://opac.crzp.sk/?fn=detailBiblioForm&sid=1755732D0F093F437EAA37EAC795
Tags: Tag hinzufügen
Keine Tags, Fügen Sie das erste Tag hinzu!

MARC

LEADER 00000ntm a22000003a 4500
001 stuzp93865
003 SK-STU
005 20230914112024.7
007 ta
008 150427s2015----xo-----f-mn---000-0-slo-d
040 |a STU  |b slo 
041 0 |a slo 
100 1 |a Babincová, Zuzana  |u 010310  |4 aut  |U SvF Stavebná fakulta  |T SvF Katedra architektúry  |X 92952  |U V181|V310  |Y 19  |7 92952 
242 0 1 |a Bee farm in the Orava region  |y eng 
245 1 0 |a Včelia farma v regióne Orava 
260 |c 2023 
650 4 |a Orava  |2 slo 
650 4 |a včelia farma  |2 slo 
650 4 |a včelárstvo  |2 slo 
650 4 |a humno  |2 slo 
650 4 |a stavebná kultúra  |2 slo 
650 4 |a Orava  |2 eng 
650 4 |a bee farm  |2 eng 
650 4 |a beekeeping  |2 eng 
650 4 |a barn  |2 eng 
650 4 |a building culture  |2 eng 
700 1 |a Bránický, Filip  |u 010310  |k Z1  |4 ths  |U SvF Stavebná fakulta  |T SvF Katedra architektúry  |X 49264  |U V181|V310  |Y 19  |7 A000049264 
856 4 |u http://is.stuba.sk/zp/portal_zp.pl?podrobnosti=171337 
856 4 |u https://opac.crzp.sk/?fn=detailBiblioForm&sid=1755732D0F093F437EAA37EAC795